| 000 | 00463nam a22001697a 4500 | ||
|---|---|---|---|
| 003 | NUST - PNEC | ||
| 005 | 20170116181140.0 | ||
| 008 | 151007b xxu||||| |||| 00| 0 eng d | ||
| 020 | _a8188817007 | ||
| 040 | _cLIBRARY | ||
| 082 | _a950 EMB | ||
| 100 |
_914563 _aEmbree, Ainslie Thomas |
||
| 245 |
_aAsia in western and world history : a guide for teaching _c Ainslie Thomas,Embree |
||
| 260 | _cc 2004 | ||
| 650 |
_914564 _aAsia _xGeneral |
||
| 942 |
_2ddc _cBK |
||
| 999 |
_c70434 _d70434 |
||